[Event "DEM U14 2012"]
[Site "Oberhof GER"]
[Date "2012.05.29"]
[Round "4"]
[White "Bilchinski, Anton"]
[Black "Peczely, Sebastian Zsombor"]
[Result "1/2-1/2"]
[Termination "normal"]
[Board "2"]
[WhiteElo "1837"]
[BlackElo "2053"]
[PlyCount "73"]
[WhiteFideId "24615765"]
[BlackFideId "750964"]
[EventCountry "GER"]
[EventRounds "9"]
[EventType "swiss"]
[EventDate "2012.05.26"]

1. d4 d5 2. c4 c6 3. Nc3 Nf6 4. Nf3 e6 5. cxd5 exd5 6. Bg5 Be7 7. Qc2 Bg4 8.
Ne5 Bh5 9. e3 Nbd7 10. Qf5 Qb6 11. Qc2 Nxe5 12. dxe5 Nd7 13. Bf4 d4 14. exd4
Qxd4 15. Qe4 Bc5 16. Bg3 O-O-O 17. Be2 Qxe4 18. Nxe4 Bb4+ 19. Kf1 Bxe2+ 20.
Kxe2 Rhe8 21. a3 Bf8 22. Bh4 f6 23. f4 Nxe5 24. fxe5 Rxe5 25. Kf3 Rd3+ 26. Kf4
Red5 27. Rae1 f5 28. Nc3 Bd6+ 29. Kg5 Rc5 30. Bf2 Rc4 31. h3 Bf4+ 32. Kxf5 Bh6
33. Re4 g6+ 34. Ke5 Bg7+ 35. Kf4 Bh6+ 36. Ke5 Bg7+ 37. Kf4 1/2-1/2

[Event "DEM U14 2012"]
[Site "Oberhof GER"]
[Date "2012.05.29"]
[Round "4"]
[White "Sawlin, Leonid"]
[Black "Pfreundt, Jakob"]
[Result "1/2-1/2"]
[Termination "normal"]
[Board "3"]
[WhiteElo "1925"]
[BlackElo "1828"]
[PlyCount "118"]
[WhiteFideId "4689542"]
[BlackFideId "12918156"]
[EventCountry "GER"]
[EventRounds "9"]
[EventType "swiss"]
[EventDate "2012.05.26"]

1. e4 e5 2. Nf3 Nc6 3. d4 exd4 4. Nxd4 Bb4+ 5. c3 Bc5 6. Be3 Bb6 7. Nf5 Bxe3 8.
Nxe3 Nf6 9. f3 O-O 10. c4 d6 11. Nc3 Nd7 12. Be2 Nc5 13. Qd2 f5 14. O-O-O a5
15. Kb1 Nb4 16. Rhf1 f4 17. Ned5 Nxd5 18. Nxd5 Ne6 19. g3 fxg3 20. hxg3 c5 21.
Nc3 Nd4 22. Nb5 Nxb5 23. cxb5 Rf6 24. e5 Bf5+ 25. Ka1 Rg6 26. g4 Be6 27. Qxd6
Qc8 28. Bd3 Bf5 29. Bxf5 Rxd6 30. Bxc8 Rxd1+ 31. Rxd1 Rxc8 32. f4 h5 33. gxh5
Rf8 34. Rf1 Rf5 35. b3 Rxh5 36. Kb2 Rf5 37. Kc3 g5 38. Kc4 b6 39. Kd5 Kf7 40.
Kd6 gxf4 41. e6+ Ke8 42. Kc6 Rf6 43. Kxb6 Rxe6+ 44. Kxc5 Rf6 45. b6 Kd7 46. Kb5
Kc8 47. Kxa5 Kb7 48. Rf3 Rf5+ 49. Kb4 Kxb6 50. a4 Rf8 51. Kc4 Ka5 52. Kc5 Rf5+
53. Kd4 Kb4 54. Ke4 Rf8 55. Rxf4 Re8+ 56. Kd5+ Kxb3 57. Kc5 Ra8 58. Kb5 Rb8+
59. Kc6 Rb4 1/2-1/2

[Event "DEM U14 2012"]
[Site "Oberhof GER"]
[Date "2012.05.29"]
[Round "4"]
[White "Grunau, Christoph"]
[Black "Hirschmann, Jakob"]
[Result "1/2-1/2"]
[Termination "normal"]
[Board "4"]
[WhiteElo "1927"]
[BlackElo "1876"]
[PlyCount "68"]
[WhiteFideId "12929760"]
[BlackFideId "24652067"]
[EventCountry "GER"]
[EventRounds "9"]
[EventType "swiss"]
[EventDate "2012.05.26"]

1. e4 e6 2. d4 d5 3. Nd2 Nf6 4. e5 Nfd7 5. Bd3 c5 6. c3 Nc6 7. Ngf3 Qb6 8. O-O
cxd4 9. cxd4 Nxd4 10. Nxd4 Qxd4 11. Nf3 Qb6 12. Rb1 Be7 13. Be3 Qd8 14. Qa4 O-O
15. Rbc1 f6 16. Qh4 f5 17. Qf4 Rf7 18. h4 Nf8 19. h5 h6 20. Qg3 Kh8 21. Nd4 Bd7
22. Rc2 a6 23. Rfc1 Rc8 24. Rxc8 Bxc8 25. f4 Bb4 26. Nc2 Ba5 27. Qf2 Bc7 28. b4
Bd7 29. Nd4 Ba4 30. b5 axb5 31. Bxb5 Qa8 32. Qb2 Qa5 33. Bxa4 Qxa4 34. Qxb7 Qa3
1/2-1/2

[Event "DEM U14 2012"]
[Site "Oberhof GER"]
[Date "2012.05.29"]
[Round "4"]
[White "Flüchter, Gregor"]
[Black "Keller, Peter"]
[Result "0-1"]
[Termination "normal"]
[Board "5"]
[WhiteElo "1961"]
[BlackElo "1931"]
[PlyCount "108"]
[WhiteFideId "12903396"]
[BlackFideId "1272105"]
[EventCountry "GER"]
[EventRounds "9"]
[EventType "swiss"]
[EventDate "2012.05.26"]

1. e4 e5 2. Nf3 Nc6 3. Bc4 Nf6 4. d3 Be7 5. O-O O-O 6. c3 d5 7. exd5 Nxd5 8.
Re1 Bg4 9. h3 Bh5 10. Nbd2 a6 11. a4 Nb6 12. Qe2 Nxc4 13. Nxc4 f6 14. Be3 Qd5
15. Rad1 Rad8 16. Bc1 Rfe8 17. b4 Bxb4 18. cxb4 Nd4 19. Qe4 Bxf3 20. gxf3 Nxf3+
21. Kf1 Nxe1 22. Qxd5+ Rxd5 23. Kxe1 Red8 24. Ke2 e4 25. Nb2 Rd4 26. b5 exd3+
27. Rxd3 Rxd3 28. Nxd3 axb5 29. axb5 Rd5 30. Bf4 Rxb5 31. Bxc7 Kf7 32. Bg3 Rb1
33. Kd2 Ke6 34. h4 Kf5 35. Kc2 Rg1 36. Nc5 b5 37. Na6 h5 38. Nc7 Rxg3 39. fxg3
Kg4 40. Nxb5 Kxg3 41. Kd2 Kxh4 42. Ke2 Kg3 43. Kf1 g5 44. Nd6 Kf4 45. Kg2 g4
46. Nb5 h4 47. Nd4 f5 48. Kf2 g3+ 49. Ke2 Kg4 50. Kf1 h3 51. Kg1 f4 52. Kh1 f3
53. Nc6 f2 54. Ne5+ Kf5 0-1

[Event "DEM U14 2012"]
[Site "Oberhof GER"]
[Date "2012.05.29"]
[Round "4"]
[White "Bach, Jannik"]
[Black "Mager, Denis"]
[Result "1-0"]
[Termination "normal"]
[Board "6"]
[WhiteElo "1826"]
[BlackElo "1944"]
[PlyCount "37"]
[WhiteFideId "24615900"]
[BlackFideId "24691127"]
[EventCountry "GER"]
[EventRounds "9"]
[EventType "swiss"]
[EventDate "2012.05.26"]

1. e4 c5 2. Nf3 Nc6 3. Bb5 e6 4. Bxc6 bxc6 5. b3 d5 6. Nc3 Ba6 7. d3 Nf6 8. Bb2
Be7 9. e5 Nd7 10. O-O O-O 11. Re1 Qc7 12. Ne2 Rab8 13. Qd2 c4 14. dxc4 Bxc4 15.
Ng3 Ba6 16. Nh5 Bb4 17. Qg5 g6 18. Qh6 gxh5 19. Ng5 1-0

[Event "DEM U14 2012"]
[Site "Oberhof GER"]
[Date "2012.05.29"]
[Round "4"]
[White "Herzum, Peter"]
[Black "Baskin, Robert"]
[Result "1/2-1/2"]
[Termination "normal"]
[Board "7"]
[WhiteElo "1783"]
[BlackElo "2068"]
[PlyCount "103"]
[WhiteFideId "12919217"]
[BlackFideId "24662402"]
[EventCountry "GER"]
[EventRounds "9"]
[EventType "swiss"]
[EventDate "2012.05.26"]

1. e4 c5 2. Nf3 d6 3. d4 cxd4 4. Nxd4 Nf6 5. Nc3 a6 6. f4 e5 7. Nf3 Nbd7 8. a4
Be7 9. Bc4 O-O 10. O-O exf4 11. Kh1 Nh5 12. Nd4 Ne5 13. Be2 Nf6 14. Bxf4 Re8
15. Nf3 Ng6 16. Be3 Be6 17. Nd4 Qd7 18. Nxe6 Qxe6 19. Qd4 Rac8 20. Bf3 Ne5 21.
Rad1 Nc4 22. Bc1 Rc5 23. Nd5 Nxd5 24. exd5 Qe5 25. Rfe1 Qxd4 26. Rxd4 Ne5 27.
Bd1 Rec8 28. b3 R5c7 29. Ba3 b5 30. Rde4 Ng6 31. Bg4 Rd8 32. Bf5 Ne5 33. Bb4 g6
34. Ba5 gxf5 35. Rxe5 dxe5 36. Bxc7 Rxd5 37. Bxe5 bxa4 38. bxa4 f6 39. Bc3 Kf7
40. g3 h5 41. Re2 Bd6 42. Kg2 Be5 43. Bb4 a5 44. Be1 Rc5 45. Kf3 Bc3 46. Bxc3
Rxc3+ 47. Kf4 Kg6 48. Re8 Rc4+ 49. Kf3 Rxa4 50. Ra8 Kf7 51. Ra6 Kg6 52. c4
1/2-1/2

[Event "DEM U14 2012"]
[Site "Oberhof GER"]
[Date "2012.05.29"]
[Round "4"]
[White "Sabirov, Ramil"]
[Black "Kollars, Dmitrij"]
[Result "1-0"]
[Termination "normal"]
[Board "8"]
[WhiteElo "1784"]
[BlackElo "2005"]
[PlyCount "39"]
[WhiteFideId "12900303"]
[BlackFideId "12909572"]
[EventCountry "GER"]
[EventRounds "9"]
[EventType "swiss"]
[EventDate "2012.05.26"]

1. e4 c5 2. c3 d5 3. exd5 Qxd5 4. d4 Nf6 5. Nf3 Bg4 6. Nbd2 e6 7. Qa4+ Nc6 8.
Bc4 Qd7 9. Bb5 Bxf3 10. Nxf3 Rc8 11. Ne5 Qc7 12. Qxa7 Bd6 13. Nxc6 bxc6 14.
Qxc7 Rxc7 15. dxc5 Bxc5 16. Bf4 e5 17. Bxe5 Re7 18. Bxc6+ Nd7 19. Bxd7+ Kxd7
20. O-O-O+ 1-0

[Event "DEM U14 2012"]
[Site "Oberhof GER"]
[Date "2012.05.29"]
[Round "4"]
[White "Müller, Constantin"]
[Black "Riehle, Marco"]
[Result "1-0"]
[Termination "normal"]
[Board "9"]
[WhiteElo "1921"]
[BlackElo "1835"]
[PlyCount "107"]
[WhiteFideId "24697630"]
[BlackFideId "12904392"]
[EventCountry "GER"]
[EventRounds "9"]
[EventType "swiss"]
[EventDate "2012.05.26"]

1. g3 d5 2. Nf3 c5 3. Bg2 Nf6 4. O-O e6 5. d3 Bd6 6. Nbd2 Nc6 7. e4 O-O 8. Re1
dxe4 9. Nxe4 Nxe4 10. dxe4 e5 11. c3 Bg4 12. h3 Bh5 13. Qc2 Qd7 14. Kh2 Bg6 15.
Nh4 Ne7 16. Nxg6 Nxg6 17. h4 Rab8 18. Qe2 b5 19. Bh3 Qc6 20. h5 Ne7 21. Qg4 f5
22. Qe2 fxe4 23. Bg2 Bc7 24. Bg5 Qe6 25. Bxe4 Qf7 26. Rf1 a6 27. Kg2 Nf5 28.
Rad1 Kh8 29. g4 Nd6 30. Bd5 Qd7 31. f3 Rbe8 32. Be4 Bb8 33. Rd5 c4 34. Rfd1 Qe6
35. Qc2 h6 36. Bh4 Nxe4 37. Qxe4 Rf4 38. Qg6 Qxg6 39. hxg6 e4 40. Rd8 exf3+ 41.
Kf2 Ba7+ 42. Kg3 Rff8 43. Rxe8 Rxe8 44. Kxf3 Kg8 45. Rd7 Bc5 46. Kf4 Bg1 47.
Be7 a5 48. Kf5 Bf2 49. Ke6 Bc5 50. Rd8 Rxd8 51. Bxd8 a4 52. Be7 b4 53. a3 Bb6
54. Bxb4 1-0

[Event "DEM U14 2012"]
[Site "Oberhof GER"]
[Date "2012.05.29"]
[Round "4"]
[White "Perske, Thore"]
[Black "Schmidt, Tobias"]
[Result "0-1"]
[Termination "normal"]
[Board "10"]
[WhiteElo "2073"]
[BlackElo "1735"]
[PlyCount "100"]
[WhiteFideId "12902195"]
[BlackFideId "1271683"]
[EventCountry "GER"]
[EventRounds "9"]
[EventType "swiss"]
[EventDate "2012.05.26"]

1. e4 e6 2. d4 d5 3. Nc3 Bb4 4. e5 c5 5. a3 Bxc3+ 6. bxc3 Qc7 7. Nf3 b6 8. a4
Ba6 9. Bb5+ Bxb5 10. axb5 a5 11. bxa6 Rxa6 12. Rxa6 Nxa6 13. O-O Ne7 14. Ng5 h6
15. Nf3 O-O 16. Bd2 Rc8 17. Ne1 cxd4 18. cxd4 Qc4 19. c3 Nc7 20. f4 Nb5 21. Rf3
Ra8 22. Rd3 Ra3 23. Qf3 Nc6 24. Qg3 Kf8 25. f5 exf5 26. Qf3 Ne7 27. Kf2 Ra2 28.
Kg1 Na3 29. Qe2 Nb1 30. Qd1 Nxd2 31. Rxd2 Ra3 32. Rc2 Rxc3 33. Rxc3 Qxc3 34.
Nf3 b5 35. Qe2 b4 36. Qa6 Kg8 37. e6 Qe3+ 38. Kf1 fxe6 39. Ne5 b3 40. Qa8+ Kh7
41. Nd7 h5 42. Qb7 Qc1+ 43. Ke2 Qc2+ 44. Ke3 Qe4+ 45. Kf2 Qxd4+ 46. Ke2 b2 47.
Nf8+ Kh6 48. Qxe7 Qe4+ 49. Kf2 b1=Q 50. Nxe6 Qbe1# 0-1

[Event "DEM U14 2012"]
[Site "Oberhof GER"]
[Date "2012.05.29"]
[Round "4"]
[White "Richter, Leonard"]
[Black "Berkov, Mikhail"]
[Result "1-0"]
[Termination "normal"]
[Board "11"]
[WhiteElo "1913"]
[BlackElo "1815"]
[PlyCount "81"]
[WhiteFideId "12900290"]
[BlackFideId "24678783"]
[EventCountry "GER"]
[EventRounds "9"]
[EventType "swiss"]
[EventDate "2012.05.26"]

1. e4 c5 2. d4 cxd4 3. c3 Nf6 4. e5 Nd5 5. cxd4 d6 6. Nf3 Nc6 7. Bc4 Nb6 8. Bb5
Bd7 9. exd6 e6 10. Bf4 Nd5 11. Qd2 Nxf4 12. Qxf4 Nb4 13. Ne5 f6 14. Nxd7 Qa5
15. Nxf6+ Kd8 16. O-O Qxb5 17. Ne4 Qf5 18. Qh4+ Kd7 19. Nbc3 Bxd6 20. Nxd6 Kxd6
21. Ne4+ Kd7 22. Nc5+ Kc6 23. Qe7 Rab8 24. Rfe1 Rhe8 25. Qd7+ Kb6 26. Na4+ Ka6
27. Re5 Qxe5 28. dxe5 Rbd8 29. Nc5+ Kb6 30. Qxb7+ Kxc5 31. Rc1+ Kd4 32. Qxb4+
Kxe5 33. Qb7 Kf6 34. Qxa7 Rd2 35. h4 Red8 36. b4 Rb2 37. Rc7 Rd1+ 38. Kh2 Rdd2
39. Rf7+ Ke5 40. Qe3+ Kd6 41. Qc5# 1-0

[Event "DEM U14 2012"]
[Site "Oberhof GER"]
[Date "2012.05.29"]
[Round "4"]
[White "Stein, Daniel"]
[Black "Janke, Hendrik"]
[Result "1-0"]
[Termination "normal"]
[Board "12"]
[WhiteElo "1645"]
[BlackElo "1753"]
[PlyCount "89"]
[WhiteFideId "12939307"]
[BlackFideId "12921831"]
[EventCountry "GER"]
[EventRounds "9"]
[EventType "swiss"]
[EventDate "2012.05.26"]

1. e4 Nf6 2. e5 Nd5 3. d4 d6 4. c4 Nb6 5. exd6 cxd6 6. Nc3 g6 7. Be3 Bg7 8. Rc1
O-O 9. b3 Nc6 10. Nf3 e5 11. dxe5 dxe5 12. c5 Nd7 13. Bc4 h6 14. O-O Kh7 15.
Qd6 f5 16. Bb5 f4 17. Bxc6 Rf6 18. Qd3 Rxc6 19. Bd2 Rxc5 20. Ne4 Rxc1 21. Rxc1
Qf8 22. Bc3 Nc5 23. Nxc5 Qxc5 24. Bb2 Qe7 25. Re1 Bf5 26. Qe2 e4 27. Bxg7 Qxg7
28. Nd2 Re8 29. Qc4 Qd7 30. h3 Rc8 31. Nxe4 Bxe4 32. Qxe4 Rf8 33. Qf3 Rf7 34.
Rd1 Qc7 35. Rd4 Qc5 36. Rc4 Qa3 37. Ra4 Qc5 38. g3 g5 39. Kg2 Rg7 40. Qe4+ Kh8
41. Rc4 Qf8 42. Qe6 Rg8 43. Rc7 g4 44. Rf7 gxh3+ 45. Kxh3 1-0

[Event "DEM U14 2012"]
[Site "Oberhof GER"]
[Date "2012.05.29"]
[Round "4"]
[White "Böhning, Kilian"]
[Black "Müller, Max"]
[Result "1/2-1/2"]
[Termination "normal"]
[Board "13"]
[WhiteElo "1754"]
[BlackElo "1648"]
[PlyCount "111"]
[WhiteFideId "1270499"]
[BlackFideId "12900486"]
[EventCountry "GER"]
[EventRounds "9"]
[EventType "swiss"]
[EventDate "2012.05.26"]

1. e4 e6 2. d4 d5 3. exd5 exd5 4. Bd3 Bd6 5. Ne2 Nf6 6. Bg5 c6 7. Qd2 O-O 8.
Nbc3 Nbd7 9. O-O Re8 10. Rae1 Nf8 11. Ng3 Ne6 12. Bf5 Bxg3 13. fxg3 Nxg5 14.
Qxg5 Bxf5 15. Qxf5 Qd7 16. Qxd7 Nxd7 17. Kf2 Kf8 18. Kf3 Rxe1 19. Rxe1 Re8 20.
Rxe8+ Kxe8 21. Kf4 Ke7 22. Nd1 Ke6 23. g4 f6 24. h4 g6 25. Ne3 b6 26. Kf3 c5
27. c3 c4 28. Kf4 b5 29. g5 a5 30. a3 f5 31. g4 fxg4 32. Kxg4 Nf8 33. Kf4 Nd7
34. Ng4 Kd6 35. Ne3 Ke6 36. h5 Nf8 37. Kg4 Nd7 38. hxg6 hxg6 39. Ng2 Nf8 40.
Nf4+ Kd6 41. Ne2 Ne6 42. Ng1 Nd8 43. Nf3 Nc6 44. Kf4 Ke6 45. Kg4 Kd6 46. Nh4
Ne7 47. Nxg6 Nxg6 48. Kf5 Ne7+ 49. Kf6 Ng8+ 50. Kf7 Ne7 51. g6 Nf5 52. g7 Nh6+
53. Kf8 Ke6 54. a4 b4 55. g8=Q+ Nxg8 56. Kxg8 1/2-1/2

[Event "DEM U14 2012"]
[Site "Oberhof GER"]
[Date "2012.05.29"]
[Round "4"]
[White "Niegsch, Nicolas"]
[Black "Tesch, Davy"]
[Result "1/2-1/2"]
[Termination "normal"]
[Board "14"]
[WhiteElo "1687"]
[BlackElo "1692"]
[PlyCount "55"]
[WhiteFideId "12932140"]
[BlackFideId "24679917"]
[EventCountry "GER"]
[EventRounds "9"]
[EventType "swiss"]
[EventDate "2012.05.26"]

1. e4 d5 2. exd5 Qxd5 3. Nc3 Qa5 4. d4 Nf6 5. Nf3 Bf5 6. Bc4 e6 7. Bd2 c6 8.
Nd5 Qd8 9. Nxf6+ gxf6 10. Bb3 Bd6 11. Nh4 Bg6 12. Qf3 Nd7 13. Qh3 Rg8 14. Nxg6
hxg6 15. Qh7 Ke7 16. Bxe6 Kxe6 17. O-O-O Rh8 18. Rhe1+ Ne5 19. Qg7 Qc7 20. f4
Rag8 21. fxe5 fxe5 22. dxe5 Bxe5 23. Rxe5+ Qxe5 24. Qxe5+ Kxe5 25. Bc3+ Ke6 26.
Re1+ Kd7 27. Bxh8 Rxh8 28. h3 1/2-1/2

[Event "DEM U14 2012"]
[Site "Oberhof GER"]
[Date "2012.05.29"]
[Round "4"]
[White "Bardosch, Karl"]
[Black "Geldner, Gerrit"]
[Result "0-1"]
[Termination "normal"]
[Board "15"]
[WhiteElo "1656"]
[BlackElo "1708"]
[PlyCount "104"]
[WhiteFideId "24696480"]
[BlackFideId "24678929"]
[EventCountry "GER"]
[EventRounds "9"]
[EventType "swiss"]
[EventDate "2012.05.26"]

1. e4 c5 2. Nc3 Nc6 3. g3 Nf6 4. Bg2 d6 5. d3 g6 6. Nge2 Bg7 7. O-O O-O 8. h3
Bd7 9. Be3 a6 10. Qd2 b5 11. Rae1 Be6 12. e5 Nxe5 13. f4 Ned7 14. Bxa8 Qxa8 15.
Kh2 b4 16. Nd1 Bxa2 17. c3 a5 18. Nf2 Nd5 19. Ra1 Bb3 20. cxb4 Nxb4 21. Ra3 Be6
22. Rfa1 Nc6 23. Ne4 Rb8 24. N4c3 Nb6 25. Rb1 Nb4 26. Qd1 Qa6 27. Nc1 N6d5 28.
Bd2 Qb6 29. Qa4 Ra8 30. Qb5 Qxb5 31. Nxb5 Bd7 32. Nc3 Be6 33. Nxd5 Bxd5 34. Bc3
a4 35. Bxg7 Kxg7 36. Ne2 Bc6 37. Rc1 Kf6 38. Kg1 Bb5 39. Rcc3 Rc8 40. Kf2 d5
41. d4 c4 42. Ke3 Nd3 43. b3 axb3 44. Raxb3 Bd7 45. Rb1 Bxh3 46. Rh1 Bg4 47.
Rh4 h5 48. Rh1 Ra8 49. Rd1 Ra2 50. Rd2 Ra1 51. Rdc2 Re1 52. Rxd3 cxd3 0-1

[Event "DEM U14 2012"]
[Site "Oberhof GER"]
[Date "2012.05.29"]
[Round "5"]
[White "Schröder, Jan-Christian"]
[Black "Bilchinski, Anton"]
[Result "1-0"]
[Termination "normal"]
[Board "1"]
[WhiteElo "2306"]
[BlackElo "1837"]
[PlyCount "69"]
[WhiteFideId "24662259"]
[BlackFideId "24615765"]
[EventCountry "GER"]
[EventRounds "9"]
[EventType "swiss"]
[EventDate "2012.05.26"]

1. e4 c5 2. Nf3 e6 3. d4 cxd4 4. Nxd4 a6 5. Nc3 Qc7 6. Bd3 b5 7. O-O Bb7 8. a3
Nf6 9. Qe2 h5 10. h3 Bd6 11. Re1 Bh2+ 12. Kf1 Be5 13. Nf3 Bxc3 14. bxc3 Qxc3
15. Rb1 Qc7 16. Bb2 Nc6 17. Qe3 Rh6 18. a4 b4 19. e5 Nd5 20. Qg5 Rh8 21. Be4
Nce7 22. Kg1 g6 23. c3 bxc3 24. Ba3 Nc8 25. Bxg6 Qd8 26. Qc1 fxg6 27. Rxb7 Nce7
28. Qc2 Rg8 29. Ng5 Rg7 30. Ne4 Nc8 31. Rd1 Rf7 32. Rdb1 Rg7 33. Rb8 Rxb8 34.
Rxb8 Nde7 35. Nd6+ 1-0

[Event "DEM U14 2012"]
[Site "Oberhof GER"]
[Date "2012.05.29"]
[Round "5"]
[White "Peczely, Sebastian Zsombor"]
[Black "Grigorian, Spartak"]
[Result "0-1"]
[Termination "normal"]
[Board "2"]
[WhiteElo "2053"]
[BlackElo "2078"]
[PlyCount "66"]
[WhiteFideId "750964"]
[BlackFideId "24661490"]
[EventCountry "GER"]
[EventRounds "9"]
[EventType "swiss"]
[EventDate "2012.05.26"]

1. e4 c5 2. Nf3 d6 3. d4 cxd4 4. Nxd4 Nf6 5. Nc3 a6 6. Be3 e6 7. f3 b5 8. Qd2
Nbd7 9. O-O-O Bb7 10. g4 h6 11. h4 b4 12. Nce2 d5 13. Bh3 dxe4 14. g5 exf3 15.
gxf6 fxe2 16. Qxe2 Bxh1 17. Nxe6 Ne5 18. Rxd8+ Rxd8 19. Nxd8 gxf6 20. Qxa6 Be7
21. Nb7 O-O 22. Nc5 Rd8 23. Qf1 Bf3 24. Nd3 b3 25. axb3 Nxd3+ 26. cxd3 Bh5 27.
Qg1+ Kh8 28. Bf5 Rg8 29. Qh2 Ra8 30. Qf4 Bf8 31. Be4 Ra1+ 32. Kc2 Bd1+ 33. Kd2
Bb4# 0-1

[Event "DEM U14 2012"]
[Site "Oberhof GER"]
[Date "2012.05.29"]
[Round "5"]
[White "Pfreundt, Jakob"]
[Black "Bach, Jannik"]
[Result "1/2-1/2"]
[Termination "normal"]
[Board "3"]
[WhiteElo "1828"]
[BlackElo "1826"]
[PlyCount "44"]
[WhiteFideId "12918156"]
[BlackFideId "24615900"]
[EventCountry "GER"]
[EventRounds "9"]
[EventType "swiss"]
[EventDate "2012.05.26"]

1. d4 Nf6 2. Nf3 g6 3. c4 Bg7 4. Nc3 O-O 5. Bg5 c6 6. c5 b6 7. e4 bxc5 8. Bxf6
Bxf6 9. e5 cxd4 10. Qxd4 Bg7 11. Bc4 Qb6 12. Qxb6 axb6 13. O-O-O b5 14. Bb3 Na6
15. Ne4 c5 16. Nc3 Rb8 17. Nd5 Re8 18. a4 e6 19. Ne3 c4 20. axb5 cxb3 21. bxa6
Ra8 22. Rd6 Rxa6 1/2-1/2

[Event "DEM U14 2012"]
[Site "Oberhof GER"]
[Date "2012.05.29"]
[Round "5"]
[White "Keller, Peter"]
[Black "Sabirov, Ramil"]
[Result "1/2-1/2"]
[Termination "normal"]
[Board "4"]
[WhiteElo "1931"]
[BlackElo "1784"]
[PlyCount "84"]
[WhiteFideId "1272105"]
[BlackFideId "12900303"]
[EventCountry "GER"]
[EventRounds "9"]
[EventType "swiss"]
[EventDate "2012.05.26"]

1. e4 c5 2. Nf3 e6 3. Nc3 a6 4. d4 cxd4 5. Nxd4 Qc7 6. Bd3 Nf6 7. O-O Bc5 8.
Nb3 Be7 9. Qe2 d6 10. Kh1 Nbd7 11. f4 b5 12. Bd2 b4 13. Nd1 a5 14. c3 Nc5 15.
Nxc5 dxc5 16. cxb4 axb4 17. Ne3 Bb7 18. Nc4 h5 19. a3 b3 20. Bc3 h4 21. Be5 Qd8
22. Rad1 Kf8 23. Kg1 Qe8 24. f5 exf5 25. Bxf6 Bxf6 26. Nd6 Bd4+ 27. Kh1 Qb8 28.
Nxb7 Qxb7 29. Rxf5 g6 30. Rf3 Kg7 31. Bc4 Rhf8 32. Bd5 Qd7 33. Bxa8 Rxa8 34.
Qc4 Qe6 35. Qxe6 fxe6 36. Rxb3 Rf8 37. h3 Rf2 38. Rb7+ Kf6 39. b4 Ke5 40. bxc5
Bxc5 41. Rh7 g5 42. Rh8 Bxa3 1/2-1/2

[Event "DEM U14 2012"]
[Site "Oberhof GER"]
[Date "2012.05.29"]
[Round "5"]
[White "Hirschmann, Jakob"]
[Black "Sawlin, Leonid"]
[Result "0-1"]
[Termination "normal"]
[Board "5"]
[WhiteElo "1876"]
[BlackElo "1925"]
[PlyCount "62"]
[WhiteFideId "24652067"]
[BlackFideId "4689542"]
[EventCountry "GER"]
[EventRounds "9"]
[EventType "swiss"]
[EventDate "2012.05.26"]

1. e4 e6 2. d3 d5 3. Nd2 Nf6 4. Ngf3 c5 5. g3 Nc6 6. Bg2 Be7 7. O-O O-O 8. Re1
b5 9. e5 Nd7 10. Nf1 a5 11. h4 b4 12. N1h2 Ba6 13. Bf4 a4 14. Ng5 Qb6 15. Qg4
Nd4 16. c4 bxc3 17. bxc3 Bxg5 18. Bxg5 h5 19. Qxh5 Nc2 20. Ng4 Bxd3 21. Nh6+
gxh6 22. Qxh6 f6 23. Bxf6 Nxf6 24. exf6 Rf7 25. Re5 Rh7 26. Qg5+ Kf8 27. Rxe6
Qxe6 28. Bxd5 Ne1 29. Rxe1 Qxe1+ 30. Kh2 Qxf2+ 31. Kh3 Qf5+ 0-1

[Event "DEM U14 2012"]
[Site "Oberhof GER"]
[Date "2012.05.29"]
[Round "5"]
[White "Flüchter, Gregor"]
[Black "Grunau, Christoph"]
[Result "1/2-1/2"]
[Termination "normal"]
[Board "6"]
[WhiteElo "1961"]
[BlackElo "1927"]
[PlyCount "78"]
[WhiteFideId "12903396"]
[BlackFideId "12929760"]
[EventCountry "GER"]
[EventRounds "9"]
[EventType "swiss"]
[EventDate "2012.05.26"]

1. e4 c5 2. Nf3 d6 3. d4 cxd4 4. Nxd4 Nf6 5. Nc3 a6 6. Bc4 e6 7. O-O Be7 8. Bb3
O-O 9. f4 Nbd7 10. f5 Nc5 11. Qf3 Qc7 12. Kh1 b5 13. Bg5 b4 14. Na4 Nxa4 15.
Bxa4 Bb7 16. fxe6 Bxe4 17. Qg3 Kh8 18. Bb3 Qc5 19. Be3 Qe5 20. exf7 Qxg3 21.
hxg3 d5 22. Rae1 Rxf7 23. Bg5 Rff8 24. Bxd5 Bxd5 25. Rxe7 Ne4 26. Rxf8+ Rxf8
27. Bf4 Kg8 28. Rd7 Bc4 29. b3 g5 30. bxc4 gxf4 31. gxf4 Rxf4 32. Nc6 Ng3+ 33.
Kh2 Ne2 34. Rd8+ Kg7 35. Rd7+ Kh6 36. Rd6+ Kg5 37. Rd5+ Kh6 38. Rd6+ Kg5 39.
Rd5+ Kh6 1/2-1/2

[Event "DEM U14 2012"]
[Site "Oberhof GER"]
[Date "2012.05.29"]
[Round "5"]
[White "Baskin, Robert"]
[Black "Müller, Constantin"]
[Result "1-0"]
[Termination "normal"]
[Board "7"]
[WhiteElo "2068"]
[BlackElo "1921"]
[PlyCount "69"]
[WhiteFideId "24662402"]
[BlackFideId "24697630"]
[EventCountry "GER"]
[EventRounds "9"]
[EventType "swiss"]
[EventDate "2012.05.26"]

1. e4 c5 2. Nf3 e6 3. d4 cxd4 4. Nxd4 a6 5. Bd3 Bc5 6. Nb3 Be7 7. O-O d6 8. Qe2
Nf6 9. c4 b6 10. Nc3 Bb7 11. Bd2 Nbd7 12. f4 Qc7 13. Rfe1 g6 14. Nd4 Bf8 15.
Nf3 Bg7 16. f5 gxf5 17. exf5 e5 18. Ng5 Rc8 19. b3 h5 20. Nge4 Rh7 21. Nxf6+
Nxf6 22. Ne4 Bxe4 23. Bxe4 a5 24. Bg5 Qc5+ 25. Kh1 Qd4 26. Bxf6 Bxf6 27. Rad1
Qc5 28. Rd5 Qc7 29. Red1 Rd8 30. Qd2 Ke7 31. a3 Rd7 32. b4 axb4 33. axb4 Qxc4
34. Rxd6 Rc7 35. Rd8 1-0

[Event "DEM U14 2012"]
[Site "Oberhof GER"]
[Date "2012.05.29"]
[Round "5"]
[White "Schmidt, Tobias"]
[Black "Richter, Leonard"]
[Result "1/2-1/2"]
[Termination "normal"]
[Board "8"]
[WhiteElo "1735"]
[BlackElo "1913"]
[PlyCount "77"]
[WhiteFideId "1271683"]
[BlackFideId "12900290"]
[EventCountry "GER"]
[EventRounds "9"]
[EventType "swiss"]
[EventDate "2012.05.26"]

1. e4 c5 2. c3 Nf6 3. e5 Nd5 4. Nf3 Nc6 5. Bc4 e6 6. d4 cxd4 7. cxd4 d6 8. O-O
Be7 9. Qe2 O-O 10. Nbd2 a6 11. Ne4 dxe5 12. dxe5 Qc7 13. Ng3 b5 14. Bd3 Bb7 15.
Bd2 Rfd8 16. Rac1 Qb6 17. Rfd1 Bc5 18. Bb1 Nd4 19. Nxd4 Bxd4 20. Bg5 Rdc8 21.
Rxc8+ Rxc8 22. Bxh7+ Kxh7 23. Qd3+ Kg8 24. Qxd4 Qxd4 25. Rxd4 Rc2 26. Rd2 Rc1+
27. Nf1 b4 28. Rxd5 Rxf1+ 29. Kxf1 Bxd5 30. a3 bxa3 31. bxa3 Kf8 32. g3 Bc4+
33. Ke1 Ke8 34. Kd2 Kd7 35. Kc3 Bf1 36. Kd4 Bg2 37. Kc5 Bf3 38. a4 Be2 39. a5
1/2-1/2

[Event "DEM U14 2012"]
[Site "Oberhof GER"]
[Date "2012.05.29"]
[Round "5"]
[White "Mager, Denis"]
[Black "Stein, Daniel"]
[Result "0-1"]
[Termination "normal"]
[Board "9"]
[WhiteElo "1944"]
[BlackElo "1645"]
[PlyCount "80"]
[WhiteFideId "24691127"]
[BlackFideId "12939307"]
[EventCountry "GER"]
[EventRounds "9"]
[EventType "swiss"]
[EventDate "2012.05.26"]

1. d4 Nf6 2. c4 g6 3. Nc3 Bg7 4. e4 d6 5. f4 O-O 6. Nf3 c5 7. d5 b5 8. cxb5 a6
9. a4 axb5 10. Bxb5 Ba6 11. Bxa6 Nxa6 12. O-O Qb6 13. Kh1 Nd7 14. Qe1 c4 15. a5
Qc7 16. Be3 Nac5 17. Bxc5 Nxc5 18. Nb5 Qb7 19. Nfd4 Nb3 20. Rd1 Nxa5 21. f5 Be5
22. Qh4 Bf6 23. Qh6 Bg7 24. Qg5 Bf6 25. Qh6 Bg7 26. Qg5 Bf6 27. Qg4 Qd7 28. Rf3
Rfb8 29. Rh3 Rxb5 30. Nxb5 Qxb5 31. fxg6 hxg6 32. Rh6 Bg7 33. Rh3 Qxb2 34. Qh4
Qe5 35. Rf1 Nb7 36. Qh7+ Kf8 37. Rxf7+ Kxf7 38. Rf3+ Qf6 39. Rxf6+ exf6 40. Kg1
Rh8 0-1